Quiz sur le Football Français - Statistiques

Statistiques générales
  • Ce quiz a été pris 5 829 fois
    3 422 depuis la dernière actualisation
  • Le résultat moyen est 14 sur 20
Statistiques - réponses
Réponse % Correct
1998
100%
2018
98%
Karim Benzema
93%
Paris SG
92%
Zinedine Zidane
92%
Olympique de Marseille
90%
Michel Platini
89%
Olivier Giroud
86%
Kylian Mbappé
85%
Olympique Lyonnais
84%
Hugo Lloris
80%
FC Nantes
76%
Jean-Pierre Papin
71%
Just Fontaine
70%
Gibraltar
69%
Raymond Kopa
65%
Belgique
42%
Séville
32%
Danemark
23%
Roubaix
12%
Aucun quiz correspondant
Distribution des résultats
% des personnes avec chaque résultat
Percentile par nombre de réponses
Votre historique - résultats
Vous n’avez pas pris ce quiz depuis la dernière actualisation